000 00421pab a2200157 454500
008 180718b2001 xxu||||| |||| 00| 0 eng d
100 _aGheytanchi, Elham
245 _aCivil society in Iran: politics of motherhood and the public sphere
260 _c2001
300 _ap.557-76.
362 _aDEC
650 _aCivil society - Iran
650 _aCivil society
773 _aInternational Sociology
909 _a52013
999 _c52013
_d52013